| 000 | 00525nam a2200181 i 4500 | ||
|---|---|---|---|
| 001 | 47161 | ||
| 003 | ES-MaACL | ||
| 005 | 20230906161520.0 | ||
| 007 | t| | ||
| 008 | 030404s1973 sp af |||| | spa d | ||
| 080 | _a7"19" | ||
| 245 | 0 | 0 |
_aConstructivismo / _c[traducción de F. Fernández Buey]. |
| 260 |
_a[Madrid] : _bAlberto Corazón, _c[1973] |
||
| 300 |
_a374 p., 8 lám. : _bil. ; _c21 cm. |
||
| 650 | 4 |
_aConstructivismo (Arte) _9151248 |
|
| 700 | 1 |
_aFernández Buey, Francisco. _949526 |
|
| 852 |
_aES-MaACL _jC-52498 |
||
| 999 |
_c47161 _d47161 |
||